|
|
|
|
| LEADER |
00658nam a2200181 a 4500 |
| 008 |
100210b ii 000 0 eng d |
| 040 |
|
|
|a BD-DhAAL
|c BD-DhAAL
|d BD-DhAAL
|
| 082 |
0 |
0 |
|a 306/.2
|
| 100 |
1 |
|
|a Das, G.
|
| 245 |
1 |
0 |
|a Political Sociology /
|c G. Das.
|
| 260 |
|
|
|a New Delhi :
|b Manu Enterprises.
|
| 300 |
|
|
|a 416 p. :
|c 22 cm.
|
| 541 |
|
|
|e 00010812
|
| 650 |
|
0 |
|a Food relief
|z Bangladesh.
|
| 651 |
|
0 |
|a Bangladesh
|x Rural conditions.
|
| 852 |
4 |
|
|a Ayesha Abed Library
|j General shelf
|
| 999 |
|
|
|c 7477
|d 7477
|
| 952 |
|
|
|0 0
|1 0
|2 ddc
|4 0
|6 306_200000000000000_DAS
|7 0
|9 8042
|a BRACUL
|b BRACUL
|c GEN
|d 2010-02-11
|l 4
|m 10
|o 306.2 DAS
|p 3010010812
|r 2018-09-27
|s 2018-08-05
|t 1
|w 2010-02-11
|y BK
|